Fisheries technologies for developing countries : report of an ad hoc panel of the Board on Science and Technology for International Development, Office of International Affairs, National Research Council

Tallennettuna:
Bibliografiset tiedot
Aineistotyyppi: Kirja
Kieli:Undetermined
Julkaistu: Washington, D.C. National Academy Press 1988
Aiheet:
Tagit: Lisää tagi
Ei tageja, Lisää ensimmäinen tagi!
Thư viện lưu trữ: Trung tâm Học liệu Trường Đại học Cần Thơ
LEADER 00687nam a2200181Ia 4500
001 CTU_122812
008 210402s9999 xx 000 0 und d
082 |a 639.2 
082 |b F533 
245 0 |a Fisheries technologies for developing countries : 
245 0 |b report of an ad hoc panel of the Board on Science and Technology for International Development, Office of International Affairs, National Research Council 
260 |a Washington, D.C. 
260 |b National Academy Press 
260 |c 1988 
650 |a Fishery technology,Fishery technology 
650 |x Developing countries 
904 |i Hiếu, Huỳnh Mai 
980 |a Trung tâm Học liệu Trường Đại học Cần Thơ